000 00268nam a22001097a 4500
008 170112b xxu||||| |||| 00| 0 eng d
020 _a9780827348455
041 _aeng
080 _22ND
_a618.2
245 _aINDEPENDENT NURSING INTERVENTIONS
_cSNYDER, M
942 _2udc
_cBK
999 _c2813
_d2813